000 00810nam a2200241 a 4500
001 000011420
003 OSt
005 20200929162439.0
008 091016s1972 sp 000 0 spa d
040 _aDO-SdBNP
_bspa
_cBNPHU
082 _a927.3092
_bF161t
100 1 _aTrabazo, Luis.
_927080
245 1 0 _aA. Failde /
_cLuis Trabazo.
260 _aMadrid :
_bDirección General de Bellas Artes;
_bMinisterio de Educación y Ciencia,
_c1972.
300 _a83 p. :
_bil. ;
_c17 cm.
490 1 _aArtistas españoles Contemporáneos
_aescultores
_v19
504 _aIncluye referencias bibliográficas
600 1 4 _aFAILDE, A.
_xBIOGRAFÍAS
_927081
650 4 _aEscultura española
_927082
830 0 _aArtistas Españoles Contemporáneos,
_pEscultores ;
_v19
_921102
910 _aEn proceso
942 _2ddc
_cLF1
999 _c11123
_d11123